Statistics for Norske statsminister etter 2.VK

Click here to take the quiz!

General Stats

  • This quiz has been taken 57 times
  • The average score is 14 of 22

Answer Stats

PartiÅrNavn% Correct
AP2005-2013Jens Stoltenberg
100%
AP2000-2001Jens Stoltenberg
100%
H2013-Erna Solberg
98%
AP1986-1989Gro Harlem Brundtland
96%
AP1990-1996Gro Harlem Brundtland
96%
AP1981Gro Harlem Brundtland
96%
KrF1997-2000Kjell Magne Bondevik
83%
KrF2001-2005Kjell Magne Bondevik
83%
H1981-1986Kåre Willoch
80%
AP1945-1951Einar Gerhardsen
72%
AP1963-1965Einar Gerhardsen
72%
AP1955-1963Einar Gerhardsen
72%
AP1996-1997Thorbjørn Jagland
54%
SP1965-1971Per Borten
46%
H1989-1990Jan P. Syse
43%
AP1945Johan Nygaardsvold
41%
AP1971-1972Trygve Bratteli
39%
AP1973-1976Trygve Bratteli
39%
AP1976-1981Odvar Nordli
28%
KrF1972-1973Lars Korvald
24%
H1963John Lyng
22%
AP1951-1955Oscar Torp
20%

Score Distribution

Percentile by Number Answered

Percent of People with Each Score

Your Score History

You have not taken this quiz